000
00314nam a2200133Ia 4500
008
200103s9999||||xx |||||||||||||| ||und||
040
_a
IMU-MPC
082
_a
Column-59
100
_a
Gordon j.m,
245
0
_a
Control engineering
260
_b
D.van nostrand company inc
_c
1968
300
_a
xii385
942
_c
BK
999
_c
10857
_d
10857